<?xml version="1.0" encoding="UTF-8"?>
<record
    xmlns:xsi="http://www.w3.org/2001/XMLSchema-instance"
    xsi:schemaLocation="http://www.loc.gov/MARC21/slim http://www.loc.gov/standards/marcxml/schema/MARC21slim.xsd"
    xmlns="http://www.loc.gov/MARC21/slim">

  <leader>00854cam a2200241 a 4500</leader>
  <controlfield tag="001">TB12488</controlfield>
  <controlfield tag="003">IN-BhIIT</controlfield>
  <controlfield tag="005">20250728170516.0</controlfield>
  <controlfield tag="008">000428s2001    okua     b    001 0 eng  </controlfield>
  <datafield tag="020" ind1=" " ind2=" ">
    <subfield code="a">9781560800941</subfield>
  </datafield>
  <datafield tag="040" ind1=" " ind2=" ">
    <subfield code="a">IN-BhIIT</subfield>
  </datafield>
  <datafield tag="041" ind1=" " ind2=" ">
    <subfield code="a">eng</subfield>
  </datafield>
  <datafield tag="082" ind1="0" ind2="0">
    <subfield code="a">622.1592</subfield>
    <subfield code="b">YIL/S</subfield>
  </datafield>
  <datafield tag="100" ind1="1" ind2=" ">
    <subfield code="a">Yilmaz, Ozdo&#x11F;an.</subfield>
    <subfield code="e">Author</subfield>
    <subfield code="9">25949</subfield>
  </datafield>
  <datafield tag="245" ind1="1" ind2="0">
    <subfield code="a">Seismic data analysis :</subfield>
    <subfield code="b">processing, inversion, and interpretation of seismic data /</subfield>
    <subfield code="c">Oz Yilmaz ; edited by Stephen M. Doherty.</subfield>
  </datafield>
  <datafield tag="260" ind1=" " ind2=" ">
    <subfield code="a">Tulsa, OK :</subfield>
    <subfield code="b">Society of Exploration Geophysicists,</subfield>
    <subfield code="c">2010.</subfield>
  </datafield>
  <datafield tag="300" ind1=" " ind2=" ">
    <subfield code="a">xxxv, 2027 p. :</subfield>
    <subfield code="b">ill. ;</subfield>
    <subfield code="c">29 cm.</subfield>
  </datafield>
  <datafield tag="500" ind1=" " ind2=" ">
    <subfield code="a">Rev. ed. of: Seismic data processing. 1987.</subfield>
  </datafield>
  <datafield tag="504" ind1=" " ind2=" ">
    <subfield code="a">Includes bibliographical references and index.</subfield>
  </datafield>
  <datafield tag="650" ind1=" " ind2="0">
    <subfield code="a">Seismic prospecting</subfield>
    <subfield code="x">Data processing.</subfield>
    <subfield code="9">25950</subfield>
  </datafield>
  <datafield tag="700" ind1="1" ind2=" ">
    <subfield code="a">Doherty, Stephen M.</subfield>
    <subfield code="e">Editor</subfield>
    <subfield code="9">25951</subfield>
  </datafield>
  <datafield tag="942" ind1=" " ind2=" ">
    <subfield code="c">TB</subfield>
  </datafield>
  <datafield tag="999" ind1=" " ind2=" ">
    <subfield code="c">15039</subfield>
    <subfield code="d">15039</subfield>
  </datafield>
  <datafield tag="952" ind1=" " ind2=" ">
    <subfield code="0">0</subfield>
    <subfield code="1">0</subfield>
    <subfield code="2">ddc</subfield>
    <subfield code="4">0</subfield>
    <subfield code="7">0</subfield>
    <subfield code="8">SEOCS</subfield>
    <subfield code="a">CLIITBBS</subfield>
    <subfield code="b">CLIITBBS</subfield>
    <subfield code="d">2025-03-17</subfield>
    <subfield code="e">39</subfield>
    <subfield code="g">9746.07</subfield>
    <subfield code="h">II</subfield>
    <subfield code="l">0</subfield>
    <subfield code="o">622.1592 YIL/S</subfield>
    <subfield code="p">TB12489</subfield>
    <subfield code="r">2025-03-17 00:00:00</subfield>
    <subfield code="v">13350.78</subfield>
    <subfield code="w">2025-03-17</subfield>
    <subfield code="y">TB</subfield>
  </datafield>
  <datafield tag="952" ind1=" " ind2=" ">
    <subfield code="0">0</subfield>
    <subfield code="1">0</subfield>
    <subfield code="2">ddc</subfield>
    <subfield code="4">0</subfield>
    <subfield code="7">0</subfield>
    <subfield code="8">SEOCS</subfield>
    <subfield code="a">CLIITBBS</subfield>
    <subfield code="b">CLIITBBS</subfield>
    <subfield code="d">2025-03-17</subfield>
    <subfield code="e">39</subfield>
    <subfield code="g">9746.07</subfield>
    <subfield code="h">I</subfield>
    <subfield code="l">0</subfield>
    <subfield code="o">622.1592 YIL/S</subfield>
    <subfield code="p">TB12488</subfield>
    <subfield code="r">2025-03-17 00:00:00</subfield>
    <subfield code="v">13350.78</subfield>
    <subfield code="w">2025-03-17</subfield>
    <subfield code="y">TB</subfield>
  </datafield>
</record>
